| 000 | 00875nam a2200265 a 4500 | ||
|---|---|---|---|
| 001 | BRCA_5592 | ||
| 005 | 20190320205138.0 | ||
| 008 | 210211s1950----fr-a######---#000-0#eng-# | ||
| 041 | _aeng | ||
| 044 | _afr | ||
| 050 | 4 |
_aNA5551.Ch3 _b.M38 1950 |
|
| 100 | 1 |
_aMaunoury, Jean _914252 |
|
| 245 | 1 | 0 |
_aChartres _cJean Maunoury ; preface by Rne Gobillot ; illustrations by Marcel Bovis ; translated by Barbara Watkins. |
| 260 |
_aParĂs _bCaisse Nationale des Monuments Historiques _c1950 |
||
| 300 |
_a92 p. _bil., 1 plano _c18 cm. |
||
| 500 | _aF69 | ||
| 650 | 1 | 4 |
_aArquitectura religiosa _zFrancia _914253 |
| 650 | 1 | 4 |
_aCatedrales _97862 |
| 651 | 4 |
_aChartres, Francia. Catedral de Notre-Dame _914254 |
|
| 700 | 1 |
_aGobillot, Rene _914255 |
|
| 700 | 1 |
_aBovis, Marcel _eIlustrador _914256 |
|
| 700 | 1 |
_aWatkins, Barbara _eTraductora _914257 |
|
| 902 | _aGFM | ||
| 942 |
_2lcc _cB |
||
| 999 |
_c5286 _d5286 |
||